000 00330nam a2200121Ia 4500
008 230125s9999 xx 000 0 und d
082 _a920
_bFRIM
100 _aFriends
245 0 _aMay Your tribe Increase A collection of reminiscences about late M.S. Anita Kaul
260 _bMohan H L, Bengaluru
_c2017
300 _a94
942 _cBK
999 _c56
_d56